Central Library || Chittagong University

Through the car window : (Record no. 108178)

MARC details
000 -LEADER
fixed length control field 00505nam a22001697a 4500
003 - CONTROL NUMBER IDENTIFIER
control field BD-ChCU
005 - DATE AND TIME OF LATEST TRANSACTION
control field 20250925132956.0
008 - FIXED-LENGTH DATA ELEMENTS--GENERAL INFORMATION
fixed length control field 250925b bg ||||| |||| 00| 0 ben d
040 ## - CATALOGING SOURCE
Transcribing agency BD-ChCU
082 ## - DEWEY DECIMAL CLASSIFICATION NUMBER
Classification number 910.4 SHT
100 ## - MAIN ENTRY--PERSONAL NAME
Personal name SHAMSUL HAQUE SHAIDAI
9 (RLIN) 13310
245 ## - TITLE STATEMENT
Title Through the car window :
Remainder of title a journey by car from London to Calculla.//
Statement of responsibility, etc. SHAIDAI SHAMSUL HAQUE
260 ## - PUBLICATION, DISTRIBUTION, ETC.
Place of publication, distribution, etc. Dhaka
Name of publisher, distributor, etc. Polwel Printing
Date of publication, distribution, etc. 1980
300 ## - PHYSICAL DESCRIPTION
Extent xvi, 418p
650 #0 - SUBJECT ADDED ENTRY--TOPICAL TERM
Topical term following geographic name entry element Voyages and Travels.
9 (RLIN) 13311
942 ## - ADDED ENTRY ELEMENTS (KOHA)
Source of classification or shelving scheme Dewey Decimal Classification
Koha item type Books
Suppress in OPAC No
Holdings
Withdrawn status Lost status Source of classification or shelving scheme Damaged status Not for loan Home library Current library Shelving location Date acquired Source of acquisition Total Checkouts Full call number Barcode Date last seen Copy number Price effective from Koha item type
    Dewey Decimal Classification     Chittagong University Library Chittagong University Library Arts and Humanities Reading Room 09/25/2025 Purchase   910.4 SHT 111506 09/25/2025 C-1 09/25/2025 Books
© Copyright 2026. Chittagong University Library, Installation and Maintenance by Prof. Dr. Md. Alamgir, 01711306253